000 01951nam a2200361 i 4500
001 196071
003 ES-MaACL
005 20250429063013.0
008 240811s2021 sp a | |||| 000 p spa
015 _aMON21
017 _aCR 532-2021
_bOficina Depósito Legal Ciudad Real
020 _a9788412420128
035 _a(SpMaBN)a7164973
035 _a991044752199708606
040 _aSpMaBN
_bspa
_cSpMaBN
_erda
080 _a821.134.2-14"19"
100 _aVillalta Villalta, Isabel,
_d1951-
_9238085
_eaut
245 1 0 _aCeuta bella /
_cIsabel Villalta.
264 1 _aPuertollano :
_bEdiciones C&G,
_c[2021].
300 _a136 páginas :
_bfotografías (color) ;
_c24 cm.
336 _aTexto
_aImagen fija
_2rdacontent
337 _asin mediación
_2rdamedia
338 _avolumen
_2rdacarrier
520 _aEste libro se gestó tras un viaje realizado por la poetisa a la ciudad de Ceuta, en el que quedó prendada de la Perla del Mediterráneo. La autora de este libro recoge, en clave poética, una bella, dulce, emotiva y cuidada descripción de la ciudad. La lectura del libro, entrelazada con una escogida y abundante selección de fotografías, hace apreciar el resplandor, los encantos y el sentir de la ciudad de las cuatro culturas por medio del encuentro con sus gentes y la visita a los barrios más emblemáticos. En ‘Ceuta bella’, Isabel Villalta ensalza su arquitectura y reflexiona sobre su cultura milenaria, su historia militar o su mitología.
651 7 _9137091
_aCeuta-
_xDescripción
655 0 _aPoesías líricas
_2tgfbne
_9236779
852 _aES-MaACL
_bR.153538
_cDEPOJ
_jN-9198
_hDonación: Isabel Villalta
_xEncuadernación rústica con solapas
_9205103
903 _9238085
_aVillalta Villalta, Isabel,
_d1951-
_ednr
942 _cMONOGRAFIA
_n0
999 _c196071
_d196071